Statistiques concernant Calculer des nombres au carré entre 0 et 100

Cliquez ici pour prendre le quiz!

Statistiques générales

  • Ce quiz a été pris 105 fois
  • Le résultat moyen est 5 sur 10

Statistiques - réponses

HintRéponse% Correct
23²529
97%
45²2025
65%
46²2116
60%
72²5184
53%
52²2704
47%
85²7225
47%
97²9409
41%
38²1444
37%
66²4356
37%
68²4624
29%

Distribution des résultats

Percentile par nombre de réponses

% des personnes avec chaque résultat

Votre développement - résultats

Vous n’avez pas pris ce quiz